Konštrukcia optimálneho portfólia so stanoveným konštantným výnosom

Možnosti využitia softvéru pri implementácii algebrického postupu riešenia konštrukcie optimálneho portfólia so stanoveným konštantným výnosom.

Salvato in:
Dettagli Bibliografici
Autore principale: Kaderová, Andrea
Altri autori: Páleš, Michal, 1984-
Natura: Capitolo di libro
Lingua:slovacco
Soggetti:
Tags: Aggiungi Tag
Nessun Tag, puoi essere il primo ad aggiungerne!!

MARC

LEADER 00000naa a2200000 4500
001 0225678
005 20240502073712.3
041 0 |a slo 
044 |a SK 
245 1 0 |a Konštrukcia optimálneho portfólia so stanoveným konštantným výnosom  |c Andrea Kaderová, Michal Páleš 
520 |a Možnosti využitia softvéru pri implementácii algebrického postupu riešenia konštrukcie optimálneho portfólia so stanoveným konštantným výnosom. 
610 2 0 |a portfólio 
610 2 0 |a metódy matematicko-štatistické 
610 2 0 |a aktíva 
610 2 0 |a programy počítačové 
100 1 |a Kaderová, Andrea 
700 1 |a Páleš, Michal, 1984-